Responses for Show #4360 - Friday, July 11, 2003

Contestants

[<< previous game]

Sheryl Martin, a contract administrator from Burbank, California

Leonard Stoehr, a truck driver from Norcross, Georgia

Nulty Lynch, a financial printer from Greenbelt, Maryland (whose 2-day cash winnings total $26,400)

[next game >>]

Jeopardy! Round responses

YOU'RE SUCH AN ANIMAL
HIT ME WITH THE HITS
HISTORIC HOPEWELL, VIRGINIA
FASHION
ODDS & ENDS
B____G
    $200 16
birds

Nulty
    $200 11
the "Hustle"

Nulty
    $200 26
Sears

Nulty
    $200 6
Punk

Nulty
    $200 1
Pat Nixon

Triple Stumper
    $200 21
bug

Nulty
    $400 17
(Sheryl: What are fingernails?)

hair

NultySheryl
    $400 12
"Tequila"

Sheryl
    $400 27
17th century

Leonard
    $400 7
Surrealism

Sheryl
    $400 2
Baltimore

Nulty
    $400 22
beg

Leonard
    $600 18
sea cow

Nulty
    $600 13
"Theme from 'Hawaii Five-O'"

Sheryl
    $600 28
Richmond

Leonard
    $400 8
(Sheryl: Who was Edward VII?)

Edward VIII

Sheryl
    $600 3
D-Day

Triple Stumper
    $600 23
bag

Nulty
    $800 19
hippopotamus

Nulty
    $800 14
"The Entertainer"

Sheryl
    $800 29
Ulysses S. Grant

Triple Stumper
    $800 9
Dolce & Gabbana

Sheryl
    $800 4
(Leonard: What is a Jack Russell Terrier?)

Basenji

NultyLeonard
    $800 24
(Alex: Nulty, with a minute to go, you are right!)

BMG

Nulty
    $1000 20
(Alex: And you don't want to encounter them in that situation!)

elephants

Triple Stumper
    $1000 15
"Telstar"

Leonard
    $1000 30
DuPont

Leonard
    $1000 10
Yves Saint Laurent

Triple Stumper
    $1000 5
swordfish

Leonard
    $1000 25
(Sheryl: What is the bag?)

the Bog

NultySheryl

Scores at the first commercial break (after clue 15):

Nulty Leonard Sheryl
$1,600 $1,200 $2,600

Scores at the end of the Jeopardy! Round:

Nulty Leonard Sheryl
$6,400 $3,600 $1,200

Double Jeopardy! Round responses

ART & ARTISTS
AT THE MOVIES
WHO ARE YOU TALKING TO?
JOE COLLEGE
BY THE SEA
FILE UNDER "F"
    $400 6
Vincent Van Gogh

Sheryl
    $400 1
Alfred Hitchcock

Nulty
    $400 26
(Leonard: Who is Caesar?)

Mark Antony

NultyLeonard
    $400 21
Joseph Lieberman

Leonard
    $400 16
Caribbean Sea

Sheryl
    $400 11
(Nulty: What is Frank?)

Frankfurter

NultyLeonard
    $800 7
James McNeill Whistler

Nulty
    $800 2
Dopey

Sheryl
    $800 27
Adolf Hitler

Nulty
    $800 22
Judge Joe Brown

Nulty
    $800 17
Turkey

Sheryl
    $800 12
fluke

Nulty
    $1200 8
Germany

Leonard
    $1200 3
The Shaggy Dog

Nulty
    $1200 28
(Nulty: Who is Davis?)
(Leonard: Who is Lee?)

George McClellan

NultyLeonard
Triple Stumper
    $1200 23
Joe Namath

Leonard
    $1200 18
(Leonard: What is the Dead Sea?)

Red Sea

Leonard
Triple Stumper
    $1200 13
ferns

Nulty
    $1600 9
Aristotle

Nulty
    $1600 4
The Deer Hunter

Leonard
    $1,600 29
(Nulty: Who is Churchill?)

Senator Joseph McCarthy

Nulty
    $1600 24
Joe Paterno

Leonard
    $1600 19
Port Moresby

Triple Stumper
    $1600 14
fruit fly

Nulty
    $2000 10
Henri Matisse

Triple Stumper
    $2000 5
Ingmar Bergman

Leonard
    $2000 30
David Garrick

Triple Stumper
    $2000 25
(Alex: Minute to go now.)

Joe Hooker

Triple Stumper
    $2000 20
Zeeland

Triple Stumper
    $2,000 15
(Nulty: No.)

faun

Nulty

Scores at the end of the Double Jeopardy! Round:

Nulty Leonard Sheryl
$10,800 $9,200 $3,600

[wagering suggestions for these scores]

Final Jeopardy! Round responses

FICTIONAL PLACES
(Alex: So I suppose it would help if you had read novels extensively.)
(Alex: As in "The Stepford Wives", the novel written by Ira Levin.)
SherylWhat is Jonestown
$3,500
LeonardWhat is ?
$1,601
NultyWhat is ?
$7,601
Stepford

Final scores:

Nulty Leonard Sheryl
$3,199 $7,599 $100
2nd place: $2,000 New champion: $7,599 3rd place: $1,000

Game dynamics:

Coryat scores:

Nulty Leonard Sheryl
$14,400 $9,200 $4,000
23 R,
4 W
(including 2 DDs)
13 R,
4 W
9 R,
3 W
(including 1 DD)

Combined Coryat: $27,600

[game clues] [game scores] [suggest correction]

Game tape date: 2003-03-05
The J! Archive is created by fans, for fans. Scraping, republication, monetization, and malicious use prohibited; this site may use cookies and collect identifying information. See terms. The Jeopardy! game show and all elements thereof, including but not limited to copyright and trademark thereto, are the property of Jeopardy Productions, Inc. and are protected under law. This website is not affiliated with, sponsored by, or operated by Jeopardy Productions, Inc. Join the discussion at JBoard.tv.